Medzinárodný prenájom pracovných síl v kontexte daňovej rezidencie a zamedzenia dvojitého zdanenia

Vysielanie zamestnancov v rámci smernice Európskeho parlamentu a Rady 96/71/ES zo dňa 16. decembra 1996 o vysielaní pracovníkov v rámci poskytovania služieb. Medzinárodný prenájom pracovnej sily podľa zmluvy o zamedzení dvojitého zdanenia. Medzinárodný prenájom pracovných síl podľa ZDP. Princíp nedi...

Ausführliche Beschreibung

Gespeichert in:
Bibliographische Detailangaben
1. Verfasser: Mezeiová, Viera
Format: Buchkapitel
Sprache:Slowakisch
Schlagworte:
Tags: Tag hinzufügen
Keine Tags, Fügen Sie das erste Tag hinzu!

MARC

LEADER 00000naa a2200000 4500
001 0155204
005 20231207111408.6
041 0 |a slo 
044 |a SK 
245 1 0 |a Medzinárodný prenájom pracovných síl  |b v kontexte daňovej rezidencie a zamedzenia dvojitého zdanenia  |c Viera Mezeiová 
520 |a Vysielanie zamestnancov v rámci smernice Európskeho parlamentu a Rady 96/71/ES zo dňa 16. decembra 1996 o vysielaní pracovníkov v rámci poskytovania služieb. Medzinárodný prenájom pracovnej sily podľa zmluvy o zamedzení dvojitého zdanenia. Medzinárodný prenájom pracovných síl podľa ZDP. Princíp nediskriminácie zamestnávateľov pri prenájme pracovnej sily. 
610 2 0 |a migrácia 
610 2 0 |a pohyb síl pracovných medzinárodný 
610 2 0 |a dane z príjmov 
610 2 0 |a zdanenie dvojité 
100 1 |a Mezeiová, Viera